| 000 | 00812nam a2200217 a 4500 | ||
|---|---|---|---|
| 001 | 4859 | ||
| 003 | CDMR | ||
| 005 | 20151016130602.0 | ||
| 008 | 130130s1998||||||||||||||||||||||||||||d | ||
| 040 |
_aCDMR _bcat _cCPC LLEIDA |
||
| 111 | 2 |
_93449 _aCongrés Internacional de la Publicació Electrònica _cBarcelona _d1998 _n1r |
|
| 245 | 1 | 0 |
_aI Congrés Internacional de la Publicació Electrònica _b: Barcelona, 15, 16 i 17 de maig de 1998 : ponències i conclusions |
| 260 |
_aBarcelona _c1998 _bUPC |
||
| 650 | 0 | 4 |
_93188 _aPremsa digital |
| 650 | 0 | 4 |
_93185 _aEdició electrònica |
| 650 | 0 | 4 |
_93079 _aMitjans de comunicació digitals |
| 710 | 2 |
_93450 _aGrup de Periodistes Digitals |
|
| 710 | 2 |
_9133 _aCol·legi de Periodistes de Catalunya |
|
| 710 | 2 |
_92831 _aUniversitat Politècnica de Catalunya |
|
| 942 |
_cMON _2ddc |
||
| 999 |
_c4859 _d4859 |
||